000 00824nam a22002294a 4500
005 20090604155458.0
008 020212s2002 flua 000 0 eng
010 _aENG-93890
020 _c300.00
035 _aEN-77423
037 _bDBAD / PUB
040 _adpl
_bEnglish
082 _a540.3
245 _aA dictionary of chemistry /
_cedited by V.K. Diwedi
260 _aDelhi
_bSeema Publishing House
_c2008
270 _a30/21A, Gali No. 9, Vishwas Nagar,Shahdera
_bDelhi
_e110032
300 _a357p.
_c22cm(Hb)
650 _aChemistry
_xDictionaries
700 _aDiwedi, V.K.
942 _2ddc
_cEN
_mDIC
_h540.3
999 _c27240
_d27240